| 000 | 004480000a22001570004500 | ||
|---|---|---|---|
| 041 | 0 | _aSPA | |
| 082 | 0 | 4 | _aG 908 L6731p |
| 100 | 1 | _aLewis, Oscar (1914-1970) | |
| 245 | 1 | 0 | _aPedro Martínez : Un campesino mexicano y su familia / Oscar Lewis |
| 250 | _a2 | ||
| 260 | _aMéxico, D.F., México : J. Mortiz | ||
| 300 | _aXLI, 459 Pag | ||
| 500 | _aTítulo original : Pedro Martínez. A mexican peasant and his family | ||
| 001 | 11241 | ||
| 942 | _cBK | ||
| 999 |
_c40600 _d40600 |
||